| 000 | 01127nas a2200349 4500 | ||
|---|---|---|---|
| 001 | BR2016001969 | ||
| 003 | BR-BrBNA | ||
| 005 | 20231205130345.0 | ||
| 007 | ta | ||
| 008 | 230509b bl.|||p| |||| 00| 00por d | ||
| 040 |
_aBR-BrBNA _bpor _cBiblioteca Nacional de Agricultura |
||
| 041 | _a(En) | ||
| 072 | _aL73 | ||
| 100 | 1 | _aNunes, A.C.B.T. | |
| 100 | 1 | _aSilva, E.M.V. da | |
| 100 | 1 | _aOliveira, J.A. de | |
| 100 | 1 | _aYamasaki, E.M. | |
| 100 | 1 | _aKim, P. de C.P. | |
| 100 | 1 | _aAlmeida, J.C. de | |
| 100 | 1 | _aNunes, K.B. | |
| 100 | 1 | _aMota, R.A. | |
| 245 | 1 | _aApplication of different techniques to detect Toxoplasma gondii in slaughtered sheep for human consumption | |
| 650 | _aOVINO | ||
| 650 | _aTOXOPLASMOSE | ||
| 650 | _aTOXOPLASMA GONDII | ||
| 650 | _aHISTOPATOLOGIA | ||
| 650 | _aANALISE QUIMICA | ||
| 773 | 0 |
_tBrazilian Journal of Veterinary Parasitology (Brazil) _xISSN 1984-2961 _g(Oct-Dec 2015), v. 24(4) p. 416-421 _wBR2016001969 |
|
| 856 | 4 | 0 | _uhttp://www.scielo.br/pdf/rbpv/v24n4/1984-2961-rbpv-S1984-29612015076.pdf |
| 909 |
_a202311 _bLúcia _c55 _dLúcia Elande |
||
| 942 |
_2AGRIS _n0 _cANA |
||
| 999 |
_c249014 _d249014 |
||